000
00328nam a22001457a 4500
008
221111b ||||| |||| 00| 0 eng d
020
_a
9780201624601
041
_a
eng
080
_a
159.9
082
_a
159.9 KAN
100
_a
25
101
_a
PSI
245
_a
MODERN ELEMENTARY PARTICLE PHYSICS
_c
KANE G
942
_2
udc
_c
BK
999
_c
58859
_d
58859